| 000 -LEADER |
| fixed length control field |
00939cam a2200265 i 4500 |
| 003 - CONTROL NUMBER IDENTIFIER |
| control field |
OSt |
| 005 - DATE AND TIME OF LATEST TRANSACTION |
| control field |
20260304173713.0 |
| 008 - FIXED-LENGTH DATA ELEMENTS--GENERAL INFORMATION |
| fixed length control field |
160707s2016 ii a b 001 0 eng d |
| 020 ## - INTERNATIONAL STANDARD BOOK NUMBER |
| International Standard Book Number |
9789385285431 |
| 037 ## - SOURCE OF ACQUISITION |
| Stock number |
Library of Congress -- New Delhi Overseas Office |
| 042 ## - AUTHENTICATION CODE |
| Authentication code |
lccopycat |
| -- |
lcode |
| 043 ## - GEOGRAPHIC AREA CODE |
| Geographic area code |
a-ii--- |
| 050 00 - LIBRARY OF CONGRESS CALL NUMBER |
| Classification number |
NA1508.K6 |
| Item number |
D44 2016 |
| 082 04 - DEWEY DECIMAL CLASSIFICATION NUMBER |
| Classification number |
726.1450954133 |
| Edition number |
23 |
| 100 1# - MAIN ENTRY--PERSONAL NAME |
| Personal name |
De, Anila, |
| Dates associated with a name |
1931- |
| Relator term |
author. |
| 245 14 - TITLE STATEMENT |
| Title |
The Sun Temple of Konark / |
| Statement of responsibility, etc |
Anil Dey ; foreword by G.C. Mitra. |
| 300 ## - PHYSICAL DESCRIPTION |
| Extent |
467 pages : |
| Other physical details |
illustrations (black and white, and colour) ; |
| Dimensions |
26 cm |
| 500 ## - GENERAL NOTE |
| General note |
"O" in title appears as wheel. |
| 504 ## - BIBLIOGRAPHY, ETC. NOTE |
| Bibliography, etc |
Includes bibliographical references and index. |
| 520 ## - SUMMARY, ETC. |
| Summary, etc |
Includes architectural rendering of the precincts of the temple. |
| 610 20 - SUBJECT ADDED ENTRY--CORPORATE NAME |
| Corporate name or jurisdiction name as entry element |
Sun Temple (Konārak, India) |
| 650 #0 - SUBJECT ADDED ENTRY--TOPICAL TERM |
| Topical term or geographic name as entry element |
Hindu architecture |
| Geographic subdivision |
India |
| -- |
Konārak. |
| 650 #0 - SUBJECT ADDED ENTRY--TOPICAL TERM |
| Topical term or geographic name as entry element |
Hindu sculpture |
| Geographic subdivision |
India |
| -- |
Konārak. |
| 942 ## - ADDED ENTRY ELEMENTS (KOHA) |
| Source of classification or shelving scheme |
|